Georgia : Technical Assistance Report-Report on the Producer Price Index and Residential Property Price Index Mission.

This Technical Assistance Report discusses the findings and recommendations made by the IMF mission to assist Georgia's National Statistics Office (Geostat) in developing a residential property price index and expanding coverage of the producer price index (PPI). The mission found that Geostat...

সম্পূর্ণ বিবরণ

গ্রন্থ-পঞ্জীর বিবরন
সংস্থা লেখক: International Monetary Fund. Statistics Dept
বিন্যাস: পত্রিকা
ভাষা:English
প্রকাশিত: Washington, D.C. : International Monetary Fund, 2018.
মালা:IMF Staff Country Reports; Country Report ; No. 2018/288
অনলাইন ব্যবহার করুন:Full text available on IMF
LEADER 01912cas a2200241 a 4500
001 AALejournalIMF018804
008 230101c9999 xx r poo 0 0eng d
020 |c 5.00 USD 
020 |z 9781484378694 
022 |a 1934-7685 
040 |a BD-DhAAL  |c BD-DhAAL 
110 2 |a International Monetary Fund.  |b Statistics Dept. 
245 1 0 |a Georgia :   |b Technical Assistance Report-Report on the Producer Price Index and Residential Property Price Index Mission. 
264 1 |a Washington, D.C. :  |b International Monetary Fund,  |c 2018. 
300 |a 1 online resource (26 pages) 
490 1 |a IMF Staff Country Reports 
500 |a <strong>Off-Campus Access:</strong> No User ID or Password Required 
500 |a <strong>On-Campus Access:</strong> No User ID or Password Required 
506 |a Electronic access restricted to authorized BRAC University faculty, staff and students 
520 3 |a This Technical Assistance Report discusses the findings and recommendations made by the IMF mission to assist Georgia's National Statistics Office (Geostat) in developing a residential property price index and expanding coverage of the producer price index (PPI). The mission found that Geostat compiles a monthly PPI for industrial products. It covers mining and quarrying; manufactured products; and electricity energy, gas, steam, and hot water. PPI coverage of the services sector is currently limited to freight transport, and should be expanded to include additional services. The improved coverage of the PPI will facilitate the assessment of developments in the production and prices of services and provide more reliable indicators to derive estimates of GDP in constant prices. 
538 |a Mode of access: Internet 
830 0 |a IMF Staff Country Reports; Country Report ;  |v No. 2018/288 
856 4 0 |z Full text available on IMF  |u http://elibrary.imf.org/view/journals/002/2018/288/002.2018.issue-288-en.xml  |z IMF e-Library